Statistiques concernant Les fruits dans le titre des chansons

Cliquez ici pour prendre le quiz!

Statistiques générales

  • Ce quiz a été pris 398 fois
  • Le résultat moyen est 5 sur 11

Statistiques - réponses

ChanteurTitre de la chansonRéponse% Correct
LioLes brunes comptent pas pour des ....prunes
94%
Montand - Mouskouri- MouloudjiLe temps des ....cerises
92%
Marie Paule BelleGrappes de ....raisin
83%
Gilbert BécaudL' ... du marchandorange
78%
La Grande SophieSucrer les ....fraises
71%
LioLa reine des ....pommes
42%
CarlosC'est la ....banane
22%
Ray VenturaVive les .... j'aime les ....bananes
16%
Georges MoustakiIl n'y a plus d' ....amandes
5%
Michel FugainLes fleurs de ....mandarine
3%
Georges Chelon - 2 fruits.... et ....orange - citron
2%

Distribution des résultats

Percentile par nombre de réponses

% des personnes avec chaque résultat

Votre développement - résultats

Vous n’avez pas pris ce quiz